La fresadora
Zapisane w:
| 1. autor: | |
|---|---|
| Format: | Książka |
| Język: | hiszpański |
| Wydane: |
Ciudad de México
Continental
1964
|
| Hasła przedmiotowe: | |
| Etykiety: |
Dodaj etykietę
Nie ma etykietki, Dołącz pierwszą etykiete!
|
MARC
| LEADER | 00000nam a2200000 a 4500 | ||
|---|---|---|---|
| 001 | UCP1793 | ||
| 003 | CL-VaPUC | ||
| 008 | 990426e19641100MX |||||||||||||||||spa|d | ||
| 082 | 0 | 4 | |a 621.91 |b HOU |2 21 |
| 100 | |a Houghton, P. S |e author |9 428072 | ||
| 245 | 1 | 3 | |a La fresadora |
| 300 | |a 267 p | ||
| 942 | |c BK | ||
| 945 | |d 19990426 00:00:00 |a cmena | ||
| 260 | |a Ciudad de México |b Continental |c 1964 | ||
| 650 | 0 | |a Máquinas herramientas |9 262583 | |
| 650 | 7 | |a FRESADORAS |2 CL-VaPUC |9 267305 | |
| 583 | |a last modification |c 19990426 00:00:00 |k Rodrigo Vera | ||
| 999 | |c 280431 |d 280429 | ||
| 952 | |0 0 |1 0 |4 0 |6 621_910000000000000_HOU_1964 |7 0 |8 A |9 320728 |a BIBMEC |b BIBMEC |d 2019-11-20 |i 1342363 |o 621.91 HOU 1964 |p 1342363 |r 2024-01-19 |w 2019-11-20 |y BK |k MEC | ||